[Event "VIE-ch"]
[Site "Tinh Bac Giang"]
[Date "2022.02.28"]
[Round "5"]
[White "Nguyen, Quang Trung"]
[Black "Nguyen, Tan Thinh"]
[Result "0-1"]
[WhiteElo "1797"]
[BlackElo "2016"]
[PlyCount "42"]
[EventDate "2022.02.28"]
[EventType "swiss"]
[EventRounds "9"]
[EventCountry "VIE"]
[SourceTitle "CBM 207 Extra"]
[Source "ChessBase"]
[SourceDate "2022.05.31"]
[SourceVersion "1"]
[SourceVersionDate "2022.05.31"]
[SourceQuality "1"]

1. Nf3 Nf6 2. d4 d5 3. c4 c6 4. Nc3 e6 5. e3 Bd6 6. b3 0-0 7. Bd3 Nbd7 8. 0-0 Re8 9. Bb2 e5 10. dxe5 Nxe5 11. Nxe5 Rxe5 12. Ne2 Rh5 13. Ng3 Rh6 14. cxd5 Ng4 15. Be2 Qh4 16. h3 Nxe3 17. fxe3 Qxg3 18. Rf3 Qh2+ 19. Kf1 Bxh3 20. Rxh3 Rxh3 21. gxh3 Bg3 0-1

[Event "VIE-ch"]
[Site "Ho Chi Minh City"]
[Date "2021.03.26"]
[Round "4"]
[White "Nguyen, Hoang Nam2"]
[Black "Nguyen, Tan Thinh"]
[Result "1/2-1/2"]
[WhiteElo "2200"]
[BlackElo "1979"]
[PlyCount "79"]
[EventDate "2021.03.24"]
[EventType "swiss"]
[EventRounds "9"]
[EventCountry "VIE"]
[SourceTitle "EXT 2022"]
[Source "ChessBase"]
[SourceDate "2021.10.06"]
[SourceVersion "1"]
[SourceVersionDate "2021.10.06"]
[SourceQuality "1"]

1. d4 d5 2. c4 e6 3. Nc3 Nf6 4. cxd5 exd5 5. Bg5 Be7 6. e3 0-0 7. Bd3 h6 8. Bh4 b6 9. Nf3 Nbd7 10. 0-0 Bb7 11. Qe2 c5 12. Rad1 Ne4 13. Bg3 Nxg3 14. hxg3 Nf6 15. Rfe1 Bd6 16. Ba6 Qc8 17. Bxb7 Qxb7 18. dxc5 Bxc5 19. Qb5 Rfd8 20. Rd3 Rac8 21. Red1 Bf8 22. Nd4 Ne4 23. Ne6 fxe6 24. Nxe4 Be7 25. Nc3 Rf8 26. Qb3 Bc5 27. R3d2 Rf6 28. Na4 Be7 29. Rc2 Rcf8 30. Rdd2 Kh8 31. Qb5 Qb8 32. Qd7 Bd6 33. g4 Bh2+ 34. Kh1 Bg3 35. Kg1 Qe5 36. Qb5 Bh2+ 37. Kh1 Bg3 38. Kg1 Bh2+ 39. Kh1 Bg3 40. Kg1 1/2-1/2

[Event "VIE-ch op"]
[Site "Hanoi"]
[Date "2020.11.26"]
[Round "6"]
[White "Lam, Duc Hai Nam"]
[Black "Nguyen, Tan Thinh"]
[Result "0-1"]
[WhiteElo "2317"]
[BlackElo "2327"]
[PlyCount "92"]
[EventDate "2020.11.23"]
[EventType "swiss"]
[EventRounds "9"]
[EventCountry "VIE"]
[SourceTitle "CBM 199 Extra"]
[Source "ChessBase"]
[SourceDate "2021.01.31"]
[SourceVersion "1"]
[SourceVersionDate "2021.01.31"]
[SourceQuality "1"]

1. d4 d5 2. c4 e6 3. Nc3 Nf6 4. Bg5 c6 5. Nf3 Bb4 6. cxd5 cxd5 7. Qa4+ Nc6 8. Ne5 Qa5 9. Qxa5 Bxa5 10. 0-0-0 Nxe5 11. dxe5 Bxc3 12. bxc3 Ne4 13. Bh4 Nxc3 14. Rd4 Bd7 15. e3 0-0 16. Bd3 Rfc8 17. Kb2 Na4+ 18. Kb1 Nc5 19. Rc1 Nxd3 20. Rxd3 Bb5 21. Rdc3 Bc4 22. a4 Rab8 23. Kc2 Kf8 24. Kd2 b6 25. e4 a6 26. exd5 exd5 27. f4 b5 28. axb5 axb5 29. Bf2 b4 30. R3c2 Ke7 31. Bd4 b3 32. Rb2 h5 33. g3 Ke6 34. h3 Ra8 35. Ke3 Ra2 36. g4 hxg4 37. hxg4 Rh8 38. f5+ Kd7 39. Rxa2 bxa2 40. Bc3 Rh3+ 41. Kd2 Rg3 42. Re1 d4 43. e6+ fxe6 44. fxe6+ Ke8 45. Ba1 Rg2+ 46. Kc1 d3 0-1

[Event "VIE-ch op"]
[Site "Hanoi"]
[Date "2020.11.23"]
[Round "2"]
[White "Duong, Vu Anh"]
[Black "Nguyen, Tan Thinh"]
[Result "0-1"]
[WhiteElo "2318"]
[BlackElo "2327"]
[PlyCount "74"]
[EventDate "2020.11.23"]
[EventType "swiss"]
[EventRounds "9"]
[EventCountry "VIE"]
[SourceTitle "CBM 199 Extra"]
[Source "ChessBase"]
[SourceDate "2021.01.31"]
[SourceVersion "1"]
[SourceVersionDate "2021.01.31"]
[SourceQuality "1"]

1. d4 d5 2. c4 e6 3. Nc3 Nf6 4. cxd5 exd5 5. Bg5 c6 6. e3 Bf5 7. Nf3 h6 8. Bf4 Nbd7 9. h3 Qb6 10. Qc1 Be7 11. Be2 0-0 12. 0-0 Rac8 13. a3 a5 14. Qd2 Ne4 15. Nxe4 dxe4 16. Ne5 Nxe5 17. Bxe5 c5 18. d5 Rfd8 19. Bc4 Qg6 20. Kh2 b6 21. f4 exf3 22. Rxf3 Bd6 23. Qc3 Re8 24. Bxd6 Qxd6+ 25. Rg3 Bg6 26. Rf1 Re5 27. Rf4 Rg5 28. Qe1 Re8 29. h4 Rge5 30. Qc3 Rxe3 31. Rxe3 Qxf4+ 32. Rg3 Re4 33. Bb3 Rd4 34. Qe3 Qxh4+ 35. Rh3 Qf6 36. Qf3 Qxf3 37. Rxf3 c4 0-1

[Event "VIE-ch"]
[Site "Hanoi"]
[Date "2020.10.08"]
[Round "6"]
[White "Duong, The Anh"]
[Black "Nguyen, Tan Thinh"]
[Result "1-0"]
[WhiteElo "2335"]
[BlackElo "2007"]
[PlyCount "51"]
[EventDate "2020.10.05"]
[EventType "swiss"]
[EventRounds "9"]
[EventCountry "VIE"]
[SourceTitle "EXT 2022"]
[Source "ChessBase"]
[SourceDate "2021.10.06"]
[SourceVersion "1"]
[SourceVersionDate "2021.10.06"]
[SourceQuality "1"]

1. d4 d5 2. c4 e6 3. Nc3 Nf6 4. cxd5 exd5 5. Bg5 Bb4 6. e3 c6 7. Bd3 h6 8. Bh4 Nbd7 9. Qc2 0-0 10. Nf3 Re8 11. 0-0 Qa5 12. Rfc1 Bxc3 13. bxc3 b5 14. a4 Qb6 15. Rcb1 Ba6 16. Nd2 Rab8 17. Bg3 Rb7 18. h3 Re6 19. Bf5 Re7 20. axb5 Bxb5 21. c4 dxc4 22. Nxc4 Qd8 23. Nd6 Rb6 24. Rxa7 g6 25. Nxb5 gxf5 26. Bc7 1-0

[Event "VIE-ch"]
[Site "Hanoi"]
[Date "2020.10.06"]
[Round "3"]
[White "Nguyen, Tan Thinh"]
[Black "Pham, Tran Gia Phuc"]
[Result "0-1"]
[WhiteElo "2007"]
[BlackElo "1619"]
[PlyCount "70"]
[EventDate "2020.10.05"]
[EventType "swiss"]
[EventRounds "9"]
[EventCountry "VIE"]
[SourceTitle "EXT 2022"]
[Source "ChessBase"]
[SourceDate "2021.10.06"]
[SourceVersion "1"]
[SourceVersionDate "2021.10.06"]
[SourceQuality "1"]

1. e4 c5 2. Nf3 Nc6 3. d4 cxd4 4. Nxd4 Nf6 5. Nc3 e5 6. Ndb5 d6 7. Bg5 a6 8. Na3 b5 9. Nd5 Be7 10. Nxe7 Nxe7 11. Qf3 Nc6 12. c4 Nd4 13. Qd3 0-0 14. f3 bxc4 15. Nxc4 d5 16. Nd2 a5 17. Rc1 Ba6 18. Qb1 Qb6 19. Bxf6 Qxf6 20. exd5 Qg5 21. Bxa6 Qxg2 22. Rf1 Rxa6 23. Qd3 Rd6 24. Rf2 Qg1+ 25. Nf1 Rxd5 26. Qe4 Qg5 27. Ne3 Rdd8 28. Rc3 f5 29. Qb7 Rf7 30. Qb6 Rfd7 31. Qxa5 f4 32. Nf1 Qg6 33. Nd2 Nc2+ 34. Kf1 Ne3+ 35. Ke1 Rxd2 0-1

[Event "VIE-chT"]
[Site "Ho Chi Minh City"]
[Date "2019.10.01"]
[Round "8.26"]
[White "Lam, Duc Hai Nam"]
[Black "Nguyen, Tan Thinh"]
[Result "1/2-1/2"]
[WhiteElo "1396"]
[BlackElo "2007"]
[PlyCount "69"]
[EventDate "2019.09.26"]
[EventType "team-swiss"]
[EventRounds "9"]
[EventCountry "VIE"]
[SourceTitle "EXT 2020"]
[Source "ChessBase"]
[SourceDate "2019.10.17"]
[SourceVersion "1"]
[SourceVersionDate "2019.10.17"]
[SourceQuality "1"]

1. d4 Nf6 2. c4 g6 3. Nc3 Bg7 4. e4 d6 5. f3 0-0 6. Be3 e5 7. Nge2 Nc6 8. Qd2 Nd7 9. d5 Ne7 10. 0-0-0 f5 11. Kb1 Nf6 12. Nc1 b6 13. Bd3 Bd7 14. a3 Kh8 15. b4 a5 16. Nb3 Qe8 17. Kb2 fxe4 18. Nxe4 Nf5 19. Bf2 Ba4 20. Ra1 Nxe4 21. Bxe4 Bxb3 22. Kxb3 Nd4+ 23. Bxd4 exd4 24. Bd3 c5 25. b5 Qe3 26. Qxe3 dxe3 27. Rae1 Rae8 28. Be4 Bd4 29. a4 Kg7 30. Rhf1 Rf4 31. Kc2 Rh4 32. Rh1 Rf4 33. Rhf1 Rh4 34. Rh1 Rf4 35. Rhf1 1/2-1/2

[Event "VIE-chT"]
[Site "Ho Chi Minh City"]
[Date "2019.09.26"]
[Round "1.28"]
[White "Nguyen, Tan Thinh"]
[Black "Nguyen, Van Hung"]
[Result "1-0"]
[WhiteElo "2007"]
[BlackElo "1908"]
[PlyCount "101"]
[EventDate "2019.09.26"]
[EventType "team-swiss"]
[EventRounds "9"]
[EventCountry "VIE"]
[SourceTitle "EXT 2020"]
[Source "ChessBase"]
[SourceDate "2019.10.17"]
[SourceVersion "1"]
[SourceVersionDate "2019.10.17"]
[SourceQuality "1"]

1. d4 c5 2. c3 cxd4 3. cxd4 d5 4. Nf3 Nf6 5. Bf4 Bg4 6. Ne5 Nc6 7. Nxg4 Nxg4 8. e3 Nf6 9. Bd3 e6 10. Qb3 Qd7 11. 0-0 Bd6 12. Bxd6 Qxd6 13. Qxb7 Rb8 14. Qa6 0-0 15. Nc3 Rb6 16. Qa3 Qb8 17. Na4 Rb7 18. Rfc1 Nb4 19. Nc5 Rb6 20. h3 Nxd3 21. Nxd3 Ne4 22. b3 Rd8 23. Rc2 Nd6 24. Rac1 h6 25. Ne5 Qa8 26. Rc7 Rb7 27. Rxb7 Qxb7 28. Qa5 Qb6 29. Qxb6 axb6 30. a4 Kf8 31. Rc6 f6 32. Nd3 b5 33. Nc5 Kg8 34. Nxe6 Rd7 35. Rc7 Rxc7 36. Nxc7 bxa4 37. bxa4 Nc4 38. Kf1 Kf7 39. Ke2 f5 40. Nxd5 Ke6 41. Nc3 g6 42. Kd3 Na5 43. f3 Kd6 44. e4 Ke6 45. Nb5 Nb7 46. Kc4 h5 47. Kb4 Kd7 48. a5 Kc8 49. e5 Nd8 50. Nd6+ Kb8 51. d5 1-0

[Event "VIE-chB"]
[Site "Ba Dinh"]
[Date "2018.11.30"]
[Round "4"]
[White "Nguyen, Hoai Nam"]
[Black "Nguyen, Tan Thinh"]
[Result "0-1"]
[WhiteElo "2165"]
[BlackElo "2007"]
[PlyCount "88"]
[EventDate "2018.11.28"]
[EventType "swiss"]
[EventRounds "9"]
[EventCountry "VIE"]
[SourceTitle "EXT 2021"]
[Source "ChessBase"]
[SourceDate "2020.10.23"]
[SourceVersion "1"]
[SourceVersionDate "2020.10.23"]
[SourceQuality "1"]

1. d4 d5 2. c4 c6 3. Nf3 Nf6 4. e3 e6 5. Nc3 Bd6 6. Qc2 Nbd7 7. b3 0-0 8. Be2 e5 9. cxd5 cxd5 10. Nb5 Bb4+ 11. Bd2 Bxd2+ 12. Nxd2 a6 13. dxe5 Nxe5 14. Nd4 Bg4 15. Bxg4 Nfxg4 16. 0-0 Qd6 17. h3 Nf6 18. Rac1 Rfe8 19. Rfd1 Rad8 20. N2f3 Ng6 21. a4 Ne4 22. Qc7 Qb4 23. a5 Ne7 24. Ne5 Rc8 25. Qd7 Nf6 26. Rxc8 Rxc8 27. Nd3 Nxd7 28. Nxb4 Rc5 29. Ra1 Ne5 30. Ra4 g6 31. Kf1 N7c6 32. f4 Nxb4 33. Rxb4 Nd3 34. Rxb7 Rxa5 35. Ke2 Nc5 36. Rb8+ Kg7 37. Rd8 Ra2+ 38. Kf1 Ne4 39. Kg1 Nc3 40. Kh2 h5 41. h4 Nd1 42. Re8 Nf2 43. Kg3 Ne4+ 44. Kh2 Nf6 0-1

[Event "VIE Cup"]
[Site "Bac Giang"]
[Date "2018.06.01"]
[Round "4"]
[White "Nguyen, Sinh Cung"]
[Black "Nguyen, Tan Thinh"]
[Result "0-1"]
[WhiteElo "1895"]
[BlackElo "2008"]
[PlyCount "52"]
[EventDate "2018.05.30"]
[EventType "swiss"]
[EventRounds "9"]
[EventCountry "VIE"]
[SourceTitle "CBM 184 Extra"]
[Source "ChessBase"]
[SourceDate "2018.06.28"]
[SourceVersion "1"]
[SourceVersionDate "2018.06.28"]
[SourceQuality "1"]

1. e4 e5 2. Nf3 Nc6 3. Bc4 Bc5 4. 0-0 d6 5. h3 Be6 6. Bb5 Nf6 7. d3 h6 8. Be3 Bb6 9. Nc3 0-0 10. Qd2 Ne7 11. Ba4 Ng6 12. Bb3 Kh7 13. Ne2 Qd7 14. Ng3 Bxh3 15. gxh3 Qxh3 16. Rfd1 Ng4 17. Bxb6 Nf4 18. Ne1 axb6 19. c3 h5 20. Rdc1 h4 21. Nf1 f5 22. f3 fxe4 23. dxe4 Rf6 24. Bd1 Nh6 25. Qh2 Rg6+ 26. Kh1 Qxf1+ 0-1

[Event "VIE Cup"]
[Site "Bac Giang"]
[Date "2018.05.30"]
[Round "1"]
[White "Nguyen, Tan Thinh"]
[Black "Dang, Tuan Linh"]
[Result "0-1"]
[WhiteElo "2008"]
[BlackElo "1907"]
[PlyCount "38"]
[EventDate "2018.05.30"]
[EventType "swiss"]
[EventRounds "9"]
[EventCountry "VIE"]
[SourceTitle "CBM 184 Extra"]
[Source "ChessBase"]
[SourceDate "2018.06.28"]
[SourceVersion "1"]
[SourceVersionDate "2018.06.28"]
[SourceQuality "1"]

1. d4 f5 2. g3 Nf6 3. Bg2 e6 4. Nf3 d5 5. c4 c6 6. 0-0 Bd6 7. Nbd2 Nbd7 8. Qb3 0-0 9. Ng5 Qe7 10. f4 b6 11. cxd5 cxd5 12. e4 fxe4 13. f5 exf5 14. Rxf5 Nc5 15. dxc5 Bxc5+ 16. Rf2 e3 17. Bxd5+ Kh8 18. Rxf6 exd2+ 19. Kg2 Qe2+ 0-1

[Event "VIE-ch"]
[Site "Ho Chi Minh City"]
[Date "2018.05.03"]
[Round "9"]
[White "Nguyen, Tan Thinh"]
[Black "Bao, Khoa"]
[Result "1/2-1/2"]
[WhiteElo "2008"]
[BlackElo "2294"]
[PlyCount "21"]
[EventDate "2018.04.27"]
[EventType "swiss"]
[EventRounds "9"]
[EventCountry "VIE"]
[SourceTitle "CBM 184 Extra"]
[Source "ChessBase"]
[SourceDate "2018.06.28"]
[SourceVersion "1"]
[SourceVersionDate "2018.06.28"]
[SourceQuality "1"]

1. d4 Nf6 2. Nf3 d5 3. c4 e6 4. Nc3 c6 5. e3 Nbd7 6. Be2 Bd6 7. 0-0 0-0 8. Qc2 a6 9. b3 Qe7 10. e4 dxe4 11. Nxe4 1/2-1/2

[Event "VIE-ch"]
[Site "Ho Chi Minh City"]
[Date "2018.04.28"]
[Round "3"]
[White "Pham, Tran Gia Phuc"]
[Black "Nguyen, Tan Thinh"]
[Result "1/2-1/2"]
[WhiteElo "1737"]
[BlackElo "2008"]
[PlyCount "90"]
[EventDate "2018.04.27"]
[EventType "swiss"]
[EventRounds "9"]
[EventCountry "VIE"]
[SourceTitle "CBM 184 Extra"]
[Source "ChessBase"]
[SourceDate "2018.06.28"]
[SourceVersion "1"]
[SourceVersionDate "2018.06.28"]
[SourceQuality "1"]

1. d4 Nf6 2. c4 g6 3. Nc3 Bg7 4. e4 d6 5. Nf3 0-0 6. Be2 c5 7. 0-0 cxd4 8. Nxd4 Nc6 9. Be3 Bd7 10. Qd2 Rc8 11. f3 a6 12. Nxc6 Bxc6 13. Bd4 Qa5 14. a3 Nd7 15. Bxg7 Kxg7 16. b4 Qb6+ 17. Kh1 Nf6 18. Rab1 Bd7 19. Rfc1 Rfd8 20. Bf1 Be6 21. Na4 Qa7 22. Qb2 Bd7 23. Nc3 Be6 24. Na4 Bd7 25. Nc3 Qd4 26. Rd1 Qe5 27. Qd2 Be6 28. Nd5 Bxd5 29. exd5 Nd7 30. Re1 Qf6 31. Re4 e5 32. dxe6 fxe6 33. Qxd6 Nc5 34. bxc5 Rxd6 35. cxd6 e5 36. Rxb7+ Kh6 37. Rb6 Qd8 38. Rxa6 Rb8 39. Re1 Qh4 40. Rd1 e4 41. fxe4 Qg4 42. Re1 Qf4 43. Rd1 Qg4 44. Re1 Qf4 45. Rd1 Qg4 1/2-1/2

[Event "VIE-ch"]
[Site "Ho Chi Minh City"]
[Date "2018.04.27"]
[Round "2"]
[White "Nguyen, Tan Thinh"]
[Black "Phan, Luong"]
[Result "1/2-1/2"]
[WhiteElo "2008"]
[BlackElo "1836"]
[PlyCount "44"]
[EventDate "2018.04.27"]
[EventType "swiss"]
[EventRounds "9"]
[EventCountry "VIE"]
[SourceTitle "CBM 184 Extra"]
[Source "ChessBase"]
[SourceDate "2018.06.28"]
[SourceVersion "1"]
[SourceVersionDate "2018.06.28"]
[SourceQuality "1"]

1. e4 e5 2. Nf3 Nc6 3. Bb5 a6 4. Ba4 d6 5. d4 exd4 6. Nxd4 Bd7 7. Nxc6 bxc6 8. 0-0 Nf6 9. Qf3 c5 10. e5 dxe5 11. Bxd7+ Nxd7 12. Bg5 f6 13. Be3 Rb8 14. Rd1 Bd6 15. Nc3 Rxb2 16. Na4 Rb8 17. Bxc5 Nxc5 18. Nxc5 Qc8 19. Qc6+ Ke7 20. Rab1 Qe8 21. Qd5 Qf7 22. Qc6 Qe8 1/2-1/2

[Event "VIE-ch"]
[Site "Ho Chi Minh City"]
[Date "2018.04.27"]
[Round "1"]
[White "Nguyen, Van Huy"]
[Black "Nguyen, Tan Thinh"]
[Result "1-0"]
[WhiteElo "2462"]
[BlackElo "2008"]
[PlyCount "66"]
[EventDate "2018.04.27"]
[EventType "swiss"]
[EventRounds "9"]
[EventCountry "VIE"]
[SourceTitle "CBM 184 Extra"]
[Source "ChessBase"]
[SourceDate "2018.06.28"]
[SourceVersion "1"]
[SourceVersionDate "2018.06.28"]
[SourceQuality "1"]

1. d4 d5 2. Nf3 Nf6 3. c4 c6 4. Nc3 dxc4 5. a4 Bf5 6. Nh4 Bg6 7. Nxg6 hxg6 8. e3 e6 9. Bxc4 Nbd7 10. h3 Qc7 11. Qf3 g5 12. g4 0-0-0 13. Bd2 Nb6 14. Bb3 a5 15. Nb5 cxb5 16. Rc1 Qxc1+ 17. Bxc1 bxa4 18. Ba2 Bb4+ 19. Kf1 Kb8 20. Kg2 Rd7 21. e4 Rxd4 22. Be3 Rhd8 23. Bxd4 Rxd4 24. Qe3 e5 25. Qxg5 Rxe4 26. Qxg7 Rf4 27. g5 Ne4 28. f3 Nd6 29. Qxe5 Rf5 30. Qh8+ Ka7 31. h4 Rc5 32. Kh3 a3 33. bxa3 Bxa3 1-0

[Event "VIE-chT Pairs"]
[Site "Ho Chi Minh City"]
[Date "2015.07.18"]
[Round "2.1"]
[White "Vu, Dinh Hung"]
[Black "Nguyen, Tan Thinh"]
[Result "0-1"]
[WhiteElo "2191"]
[BlackElo "2017"]
[PlyCount "86"]
[EventDate "2015.07.16"]
[EventType "team-tourn"]
[EventRounds "5"]
[EventCountry "VIE"]
[SourceTitle "EXT 2016"]
[Source "ChessBase"]
[SourceDate "2015.10.08"]
[SourceVersion "1"]
[SourceVersionDate "2015.10.08"]
[SourceQuality "1"]
[WhiteTeam "Bac Giang"]
[BlackTeam "Ben Tre"]
[WhiteTeamCountry "VIE"]
[BlackTeamCountry "VIE"]

1. d4 Nf6 2. Nf3 g6 3. c4 Bg7 4. g3 0-0 5. Bg2 d6 6. 0-0 Nbd7 7. Nc3 e5 8. Qc2 c6 9. Rd1 Re8 10. b3 Qa5 11. d5 c5 12. Bd2 Qd8 13. e4 Rf8 14. a3 Ne8 15. Ne1 f5 16. Nd3 Ndf6 17. f3 Nh5 18. b4 b6 19. a4 a5 20. bxa5 bxa5 21. Nb5 f4 22. g4 Nhf6 23. h3 Rf7 24. Bc3 h5 25. Nf2 hxg4 26. hxg4 Bf8 27. Qe2 Rh7 28. Nd3 Rh4 29. Nxe5 dxe5 30. Bxe5 Nxg4 31. Bxf4 Bg7 32. Rac1 Be5 33. Bxe5 Nxe5 34. Qe3 Qf6 35. Rf1 Bh3 36. Rc2 Bxg2 37. Rxg2 Rf4 38. Rg3 Ng7 39. d6 Rf8 40. Kg2 Nh5 41. Rh3 Qg5+ 42. Kh2 Ng4+ 43. fxg4 Rxf1 0-1

[Event "VIE-ch"]
[Site "Ho Chi Minh City"]
[Date "2015.04.25"]
[Round "11"]
[White "Nguyen, Tan Thinh"]
[Black "Pham, Xuan Dat"]
[Result "0-1"]
[WhiteElo "1990"]
[BlackElo "2189"]
[PlyCount "58"]
[EventDate "2015.04.18"]
[EventType "swiss"]
[EventRounds "11"]
[EventCountry "VIE"]
[SourceTitle "CBM 166 Extra"]
[Source "ChessBase"]
[SourceDate "2015.06.18"]
[SourceVersion "1"]
[SourceVersionDate "2015.06.18"]
[SourceQuality "1"]

1. d4 Nf6 2. c4 e6 3. Nc3 Bb4 4. Bg5 0-0 5. Nf3 Bxc3+ 6. bxc3 d6 7. e3 b6 8. Bd3 Bb7 9. 0-0 Nbd7 10. Nd2 h6 11. Bh4 e5 12. f4 exf4 13. exf4 Re8 14. Qc2 Re3 15. Rae1 Qe8 16. Bf2 Rxe1 17. Rxe1 Qf8 18. Nf1 Re8 19. Ne3 a5 20. h3 Nh5 21. g3 Nhf6 22. Qa4 Re7 23. Bf5 g6 24. Bxd7 Nxd7 25. Ng4 Rxe1+ 26. Bxe1 Qe7 27. Bf2 Qe4 28. Kf1 Qd3+ 29. Ke1 Bf3 0-1

[Event "VIE-ch"]
[Site "Ho Chi Minh City"]
[Date "2015.04.23"]
[Round "8"]
[White "Nguyen, Huynh Minh Thien"]
[Black "Nguyen, Tan Thinh"]
[Result "0-1"]
[WhiteElo "1673"]
[BlackElo "1990"]
[PlyCount "116"]
[EventDate "2015.04.18"]
[EventType "swiss"]
[EventRounds "11"]
[EventCountry "VIE"]
[SourceTitle "CBM 166 Extra"]
[Source "ChessBase"]
[SourceDate "2015.06.18"]
[SourceVersion "1"]
[SourceVersionDate "2015.06.18"]
[SourceQuality "1"]

1. Nf3 Nf6 2. g3 g6 3. Bg2 Bg7 4. 0-0 0-0 5. d4 d6 6. c4 Nbd7 7. Nc3 e5 8. e4 c6 9. Rb1 Re8 10. b4 exd4 11. Nxd4 Nb6 12. Qd3 Ng4 13. f4 c5 14. Nde2 cxb4 15. Rxb4 Qc7 16. Kh1 Qc5 17. Rb1 Nxc4 18. h3 Nf6 19. Rb5 Qc7 20. Rb4 Be6 21. Nd4 Rac8 22. Nxe6 fxe6 23. Nb5 Qc5 24. Qxc4 Qxc4 25. Rxc4 Rxc4 26. Nxd6 Rc2 27. e5 Nh5 28. Kh2 Re7 29. g4 Rec7 30. Be3 Re2 31. Rc1 Rxc1 32. Bxc1 Rc2 33. Be3 Rc3 34. Bd2 Rd3 35. Nc4 Ng3 36. Be1 Ne2 37. Bxb7 Nxf4 38. Bg3 Rc3 39. Ba6 Rc2+ 40. Kh1 Nxh3 41. Nd6 Nf2+ 42. Bxf2 Rxf2 43. Bc4 Bxe5 44. Bxe6+ Kg7 45. Nc4 Bd4 46. Nd6 Rb2 47. a4 Kf6 48. Bg8 Kg5 49. Bxh7 Rb8 50. Kg2 Kh6 51. Nf5+ gxf5 52. Bxf5 Rb3 53. Kf1 Re3 54. Bd7 Kg5 55. Bc8 Kf4 56. a5 Bc3 57. a6 Kg3 58. g5 Re1# 0-1

[Event "VIE-ch"]
[Site "Ho Chi Minh City"]
[Date "2015.04.22"]
[Round "7"]
[White "Nguyen, Tan Thinh"]
[Black "Duong, The Anh"]
[Result "1/2-1/2"]
[WhiteElo "1990"]
[BlackElo "2340"]
[PlyCount "78"]
[EventDate "2015.04.18"]
[EventType "swiss"]
[EventRounds "11"]
[EventCountry "VIE"]
[SourceTitle "CBM 166 Extra"]
[Source "ChessBase"]
[SourceDate "2015.06.18"]
[SourceVersion "1"]
[SourceVersionDate "2015.06.18"]
[SourceQuality "1"]

1. d4 e6 2. c4 f5 3. Nf3 Nf6 4. e3 d5 5. Bd3 c6 6. Nbd2 Bd6 7. b3 0-0 8. Bb2 Nbd7 9. Qc2 Qe7 10. h3 Ne4 11. a3 b6 12. 0-0 Bb7 13. Ne5 Rac8 14. Bxe4 dxe4 15. Nxd7 Qxd7 16. c5 Bc7 17. Qc4 Qd5 18. Rac1 Rcd8 19. f3 exf3 20. Rxf3 bxc5 21. Qxc5 Qxc5 22. Rxc5 Bb6 23. Rc2 e5 24. dxe5 f4 25. Nc4 fxe3 26. Rxf8+ Kxf8 27. Kf1 Rd3 28. Rc3 Rd1+ 29. Ke2 Rb1 30. Rc1 Rxc1 31. Bxc1 c5 32. g3 Ke7 33. Bxe3 Ke6 34. Kd3 Kd5 35. Bf4 Ba6 36. h4 Bd8 37. Kc3 Be7 38. Nd6 Bxd6 39. exd6 Bb5 1/2-1/2

[Event "VIE-ch"]
[Site "Ho Chi Minh City"]
[Date "2015.04.21"]
[Round "6"]
[White "Duong, Thuong Cong"]
[Black "Nguyen, Tan Thinh"]
[Result "0-1"]
[WhiteElo "2043"]
[BlackElo "1990"]
[PlyCount "82"]
[EventDate "2015.04.18"]
[EventType "swiss"]
[EventRounds "11"]
[EventCountry "VIE"]
[SourceTitle "CBM 166 Extra"]
[Source "ChessBase"]
[SourceDate "2015.06.18"]
[SourceVersion "1"]
[SourceVersionDate "2015.06.18"]
[SourceQuality "1"]

1. e4 c5 2. Nf3 d6 3. d4 cxd4 4. Nxd4 Nf6 5. Nc3 e6 6. Be3 Be7 7. Be2 a6 8. 0-0 0-0 9. f4 Qc7 10. Kh1 b5 11. Bf3 Bb7 12. a3 Nbd7 13. Nb3 Rac8 14. Qe1 Nb6 15. Nd2 Rfd8 16. Qf2 Nfd7 17. Rac1 Bf6 18. e5 Be7 19. exd6 Bxd6 20. Bxb7 Qxb7 21. Nde4 Bf8 22. f5 e5 23. f6 g6 24. Qh4 h5 25. Rcd1 Nc4 26. Bc1 Nc5 27. Ng3 Rxd1 28. Rxd1 Nd6 29. Nd5 Ne6 30. Ne7+ Bxe7 31. fxe7 Rxc2 32. Ne4 Ne8 33. Rg1 Kg7 34. Nc3 Nd4 35. Qg5 Nf5 36. Bf4 exf4 37. Qxf4 Qxe7 38. Nd5 Qh4 39. g4 hxg4 40. Rxg4 Qe1+ 41. Rg1 Qe6 0-1

[Event "VIE-ch"]
[Site "Ho Chi Minh City"]
[Date "2015.04.21"]
[Round "5"]
[White "Nguyen, Tan Thinh"]
[Black "Nguyen, Phuoc Tam"]
[Result "0-1"]
[WhiteElo "1990"]
[BlackElo "2059"]
[PlyCount "88"]
[EventDate "2015.04.18"]
[EventType "swiss"]
[EventRounds "11"]
[EventCountry "VIE"]
[SourceTitle "CBM 166 Extra"]
[Source "ChessBase"]
[SourceDate "2015.06.18"]
[SourceVersion "1"]
[SourceVersionDate "2015.06.18"]
[SourceQuality "1"]

1. d4 Nf6 2. Nf3 d5 3. c4 e6 4. g3 Be7 5. Bg2 0-0 6. 0-0 b6 7. cxd5 exd5 8. Nc3 Bb7 9. Bg5 h6 10. Bf4 Na6 11. Rc1 c5 12. Qc2 c4 13. Ne5 Rb8 14. Nb5 Nb4 15. Qd2 a6 16. Nc3 Rc8 17. Bh3 Nc6 18. Rfd1 b5 19. Bf5 Re8 20. a3 Bf8 21. h4 Qb6 22. Bb1 Nxd4 23. e3 Nb3 24. Qc2 Qe6 25. Ne2 d4 26. Nxd4 Qh3 27. f3 Nxc1 28. Rxc1 Bd6 29. Qf2 Ne4 30. Bxe4 Bxe4 31. Ng4 Bxf4 32. gxf4 Bb7 33. Rc2 Rcd8 34. Rd2 h5 35. Ne5 f6 36. Ng6 Rxd4 37. Rxd4 Bxf3 38. Qh2 Qg4+ 39. Kf2 Be4 40. f5 Qf3+ 41. Kg1 Bxf5 42. Nf4 Rxe3 43. Qf2 Qg4+ 44. Kh2 Rf3 0-1

[Event "VIE-ch"]
[Site "Ho Chi Minh City"]
[Date "2015.04.19"]
[Round "2"]
[White "Tu, Hoang Thai"]
[Black "Nguyen, Tan Thinh"]
[Result "1-0"]
[WhiteElo "2249"]
[BlackElo "1990"]
[PlyCount "57"]
[EventDate "2015.04.18"]
[EventType "swiss"]
[EventRounds "11"]
[EventCountry "VIE"]
[SourceTitle "CBM 166 Extra"]
[Source "ChessBase"]
[SourceDate "2015.06.18"]
[SourceVersion "1"]
[SourceVersionDate "2015.06.18"]
[SourceQuality "1"]

1. d4 d5 2. Nf3 Nf6 3. c4 e6 4. g3 c6 5. Nbd2 Bd6 6. Bg2 Nbd7 7. 0-0 0-0 8. Qc2 Qe7 9. e4 dxe4 10. Nxe4 Nxe4 11. Qxe4 c5 12. Re1 cxd4 13. Nxd4 Be5 14. Nf3 Bf6 15. Qc2 Nb6 16. Rb1 Bd7 17. Ne5 Rac8 18. b3 Bc6 19. Nxc6 bxc6 20. Be3 Rfd8 21. Red1 Rxd1+ 22. Rxd1 Qb4 23. Rd2 a5 24. a3 Qxa3 25. Bxb6 c5 26. Qa2 Qc1+ 27. Bf1 g6 28. Qxa5 Bd4 29. Rxd4 1-0